000 00643aam a2200265 4500
005 20250919171919.0
008 150420b2003 xxu||||| |||| 00| 0 spa d
020 _a8449313643
041 _aESP
082 _a347.09 V766a
100 _aVinyamata Camp, Eduard
_934073
245 _aAprender mediación
260 _aEstados Unidos
260 _bPaidos
260 _c2003
300 _a107 páginas
490 _aTemática General
650 _aMEDIACIÓN
650 _aSOLUCIÓN DE CONFLICTOS
650 _aMEDIADOR
650 _aMANEJO DE CONFLICTOS
650 _aTÉCNICAS DE MEDIACIÓN
942 _cBK
_2ddc
999 _c4782
_d4782